[Event "DVM U20w 2014"]
[Site "Naumburg (Saale) GER"]
[Date "2014.12.28"]
[Round "3"]
[White "Reyher, Susan"]
[Black "Mangei, Jasmin"]
[Result "0-1"]
[Termination "normal"]
[Board "6.2"]
[WhiteElo "1667"]
[BlackElo "1804"]
[WhiteTeam "SV "Glück auf" Rüdersdorf"]
[BlackTeam "Karlsruher SF 1853"]
[PlyCount "44"]
[WhiteFideId "24686107"]
[BlackFideId "12951803"]
[EventCountry "GER"]
[EventRounds "7"]
[EventType "team-swiss"]
[EventDate "2014.12.26"]

1. e4 e5 2. Bc4 Nf6 3. d3 c6 4. Nf3 d5 5. Bb3 Bb4+ 6. Bd2 Bxd2+ 7. Nbxd2 Qd6 8.
O-O O-O 9. h3 Nbd7 10. Qe2 Re8 11. Nh4 Nc5 12. Qe3 Nxb3 13. axb3 b6 14. f4 Bd7
15. Rae1 exf4 16. Rxf4 dxe4 17. dxe4 Nd5 18. e5 Qh6 19. Qd3 Nxf4 20. Qxd7 Qxh4
21. Rf1 Ne2+ 22. Kh1 Ng3+ 0-1

[Event "DVM U20w 2014"]
[Site "Naumburg (Saale) GER"]
[Date "2014.12.28"]
[Round "3"]
[White "Henke, Hanna"]
[Black "Schmid, Katharina"]
[Result "1/2-1/2"]
[Termination "normal"]
[Board "6.3"]
[WhiteElo "1277"]
[BlackElo "1279"]
[WhiteTeam "Karlsruher SF 1853"]
[BlackTeam "SV "Glück auf" Rüdersdorf"]
[PlyCount "109"]
[WhiteFideId "12964441"]
[BlackFideId "12918210"]
[EventCountry "GER"]
[EventRounds "7"]
[EventType "team-swiss"]
[EventDate "2014.12.26"]

1. e4 e5 2. Nf3 Nc6 3. Bc4 Nf6 4. Ng5 d5 5. exd5 Na5 6. d3 h6 7. Nf3 e4 8. Qe2
Nxc4 9. dxc4 Be7 10. Nfd2 O-O 11. O-O Bf5 12. Nc3 Bd6 13. Ncxe4 Nxe4 14. Nxe4
Re8 15. f3 Bxe4 16. fxe4 Qe7 17. Re1 f5 18. Qf3 Qh4 19. g3 fxe4 20. Qg2 Qg4 21.
Bd2 Re7 22. b4 e3 23. Bxe3 Bxb4 24. Re2 Qxc4 25. Rb1 Rae8 26. Rb3 Bc5 27. Qf2
Qxd5 28. Rb5 Bxe3 29. Rxd5 Bxf2+ 30. Rxf2 b6 31. Rd3 Re2 32. Rd7 R2e7 33. Rd3
Rf7 34. Rxf7 Kxf7 35. Rd7+ Re7 36. Rd2 a5 37. Kf2 Ke6 38. Rd3 Rf7+ 39. Ke2 Rf5
40. Rd4 Rc5 41. c4 c6 42. Rg4 g5 43. h4 b5 44. cxb5 cxb5 45. Ke3 Rc3+ 46. Kd2
Ra3 47. hxg5 hxg5 48. Rxg5 Rxa2+ 49. Kc3 b4+ 50. Kb3 Ra3+ 51. Kb2 Kf6 52. Rb5
Rxg3 53. Rxa5 Ke6 54. Rb5 Kd6 55. Rxb4 1/2-1/2

[Event "DVM U20w 2014"]
[Site "Naumburg (Saale) GER"]
[Date "2014.12.28"]
[Round "3"]
[White "Bießlich, Susan"]
[Black "Bykov, Ilona"]
[Result "1-0"]
[Termination "normal"]
[Board "6.4"]
[WhiteElo "1250"]
[BlackElo "1117"]
[WhiteTeam "SV "Glück auf" Rüdersdorf"]
[BlackTeam "Karlsruher SF 1853"]
[PlyCount "53"]
[WhiteFideId "12983349"]
[BlackFideId "12964433"]
[EventCountry "GER"]
[EventRounds "7"]
[EventType "team-swiss"]
[EventDate "2014.12.26"]

1. e4 c5 2. Nf3 d6 3. d4 cxd4 4. Nxd4 Nf6 5. Nc3 g6 6. Be3 Bg7 7. Qd2 O-O 8.
O-O-O Nc6 9. f3 Bd7 10. Bc4 Rc8 11. Bb3 Ne5 12. Nde2 Nc4 13. Bxc4 Rxc4 14. h4
a6 15. Bh6 b5 16. Bxg7 Kxg7 17. h5 Nxh5 18. Rxh5 gxh5 19. Qg5+ Kh8 20. Qxh5 Rg8
21. Rh1 Rg7 22. Nf4 Qg8 23. Ncd5 Rg5 24. Qh4 e5 25. Nf6 Rg7 26. Nxg8 Kxg8 27.
Qd8+ 1-0